Reforming urban land policies and institutions in developing countries / (Record no. 9972)
[ view plain ]
| 000 -LEADER | |
|---|---|
| fixed length control field | 00745nam a22002172 4500 |
| 001 - CONTROL NUMBER | |
| control field | 0000023788 |
| 005 - DATE AND TIME OF LATEST TRANSACTION | |
| control field | 20151217152248.0 |
| 008 - FIXED-LENGTH DATA ELEMENTS--GENERAL INFORMATION | |
| fixed length control field | 130325s xx 000 0 eng d |
| 020 ## - INTERNATIONAL STANDARD BOOK NUMBER | |
| International Standard Book Number | 0821320920 : |
| 040 ## - CATALOGING SOURCE | |
| Original cataloging agency | KABU |
| Transcribing agency | KABU |
| 100 1# - MAIN ENTRY--PERSONAL NAME | |
| Personal name | Farvacque, Catherine. |
| -- | 0000183497 |
| 245 10 - TITLE STATEMENT | |
| Title | Reforming urban land policies and institutions in developing countries / |
| Statement of responsibility, etc. | Catherine Farvacque, Patrick McAuslain. |
| 250 ## - EDITION STATEMENT | |
| Edition statement | 1st ed. |
| 260 ## - PUBLICATION, DISTRIBUTION, ETC. (IMPRINT) | |
| Place of publication, distribution, etc. | Washington, D. C. : |
| Name of publisher, distributor, etc. | World Bank, |
| Date of publication, distribution, etc. | 1992. |
| 300 ## - PHYSICAL DESCRIPTION | |
| Extent | xvii, 113 p. |
| 650 #0 - SUBJECT ADDED ENTRY--TOPICAL TERM | |
| Topical term or geographic name as entry element | Land use |
| General subdivision | Government policy |
| Geographic subdivision | Developing countries. |
| -- | 0000161835 |
| 700 1# - ADDED ENTRY--PERSONAL NAME | |
| Personal name | McAuslain, Patrick. |
| -- | 0000183498 |
| 852 1# - LOCATION | |
| -- | p1100 KES |
| 908 ## - PUT COMMAND PARAMETER (RLIN) | |
| Put command parameter | 130325 |
| 950 ## - LOCAL HOLDINGS (RLIN) | |
| -- | 1 |
| Withdrawn status | Lost status | Source of classification or shelving scheme | Not for loan | Home library | Current library | Date acquired | Total Checkouts | Full call number | Barcode | Date last seen | Price effective from | Koha item type |
|---|---|---|---|---|---|---|---|---|---|---|---|---|
| Library of Congress Classification | Kabarak, Main Campus | Kabarak, Main Campus | 17/12/2015 | HD1131 .F37 1992 c. 1 | 014583 | 02/08/2024 | 17/12/2015 | General Collection |